1635 1895 1444 1697 1178 1858 1089 1113 1229 1007 1842 1827 1322 1990 1716 1390 1465 1953 1774 1544 1712 1824 1500 1865 1914 1187 1262 1721 1163 1446 1216 1231 1120 1590 1835 1846 1536 1347 1606 1766 1083 1274 1967 1931 1705 1009 1212 1602 1425 1227 1326 1806 1742 1898 1364 1868 1617 1793 1136 1714 1098 1762 1964 1644 1556 1648 1944 1744 1606 1033 1305 1416 1043 1505 1931 1020 1942 1340 1146 1294 1855 1585 1395 1484 1971 1970 1419 1198 1594 1642 1923 1554 1446 1769 1878 1295 1004 1531 1209 BCNSPRNW ULIB Ver.6.0+V

เปลี่ยนเป็นภาษาไทย

Change to English
 แสดงรายละเอียดบรรณานุกรม
  กลับหน้าหลัก

Brief Record : Get Marc (ISO 2709) : E-mail record : QR code < ปิดหน้าต่าง
LEADER : 00000nam 2200000uu 4500
001    13399110661
003     ULIB
008    110607s2551||||th 000 0 tha d
024    9789742585181
090    นว^bภ416s 2551
100 0  ภาคินัย
245 00 Lift ลิฟต์ซ่อนศพ^bภาคินัย
260    กรุงเทพฯ :^bโซฟา,2551
300    220 หน้า
945    ^p219^l0^i030130
995    เกษร
999    ^aใช้งานได้ทุกระบบ
รายการนี้ยังไม่มีแท็ก
คุณยังไม่ได้ล็อกอิน คุณสามารถมีกิจกรรมร่วมกับเว็บไซต์ได้ แต่ต้องล็อกอินก่อน ::
  ล็อกอิน

รายการสื่อสารสนเทศ

ลำดับที่ ประเภท เลขเรียก/บาร์โค้ด สถานที่ สถานะ
- ไม่พบข้อมูล -

รายการใกล้เคียง
    ผู้แต่ง [ภาคินัย]

BibComment


ยังไม่เคยถูกคอมเมนท์

คอมเมนท์ทรัพยากรรายการนี้
  คอมเมนท์: Lift ลิฟต์ซ่อนศพ ..


 Copyright 2026. Bcnsprnw @Library